=LDR 00000nam 2200000 4500 =001 INLIS000000000052295 =005 20210805090845 =035 ##$$a 0010-0118000483 =007 ta =008 210805################g##########0#ind## =020 ##$$a 978-979-769-882-9 =082 ##$$a 340 =084 ##$$a 340 SAT p =100 #$$a Satrio, J =245 1#$$a Pelepasan hak, pembebasan hutang dan merelakan hak (Rechtsver werking) /$c J.Satrio =260 ##$$a Jakarta :$b Raja Grafindo Persada,$c 2016 =300 ##$$a ix, 144 hlm. ; $c 21x14 cm. =650 #4$$a Hukum =504 ##$$a Bibliografi : hlm. 132-142 =250 ##$$a cet.1 =990 ##$$a 21706085 =990 ##$$a 21706084 =990 ##$$a 21706083 =990 ##$$a 21706082 =990 ##$$a 21706081 =990 ##$$a 21706081 =990 ##$$a 21706085 =990 ##$$a 21706084 =990 ##$$a 21706083 =990 ##$$a 21706082